| 000 | 03740nam0a22005891 4500 | ||
|---|---|---|---|
| 001 | RU\NLR\A1DV\23870 | ||
| 005 | 20260407091008.0 | ||
| 035 | _a(NLR Aleph) 010776931 | ||
| 090 |
_a10048117 _c10048117 |
||
| 100 | _a19800104d1818 m y0rusy50 ca | ||
| 101 | 2 |
_arus _ager |
|
| 102 | _aRU | ||
| 135 | _acrcn 024anaba | ||
| 140 | _az eka yaa0000 | ||
| 200 | 1 |
_aРуководство к черчению гор по моделям, или Вернейшее средство, к снятию гор с натуры, _fсочинено полковником Теслевым. _gС чертежем и моделию. _dAnleitung zum zeichnen der Berge: nach Modellen; _eMit einer Kupfertafel und einem Gipsmodell |
|
| 210 |
_aВ Санктпетербурге _cпечатано при Императорской Академии наук _d1818 |
||
| 215 |
_a27, [1] с., [1] л. черт. _d8° |
||
| 300 | _aЦенз.: Г.М.Яценков, 28 мая 1818 г. (с.[1]) | ||
| 300 | _aТекст парал. на рус. и нем. яз. | ||
| 300 | _aПодстроч. примеч. авт. | ||
| 300 | _aЧерт. Грав. резцом И.И.Колпаков. | ||
| 300 | _aНа с.3. посвящ. авт. П.М.Волконскому с подписью: Сочинитель. | ||
| 316 |
_aЭкз. РНБ (18.97.1.79) в обл. из розовой бумаги. На 1-й с. обл. написан шифр РНБ и бумаж. наклейка с написанным загл.: "Руководство к черчению гор". На 2-й с. обл. ярлык с шифром РНБ (перечеркнут). На тит. л. штамп ИБ в венке с короной и круглый штамп ГПБ. На с.15, 27 и обороте листа черт. круглый штамп ГПБ. Размер: 21,3х12,5х0,3 см. _5NLR: 18.97.1.79 |
||
| 321 | 1 | _aСмирд. 4014 | |
| 325 | _aКопия доступна в Электрон. б-ке РНБ | ||
| 517 | 1 | _aВернейшее средство, к снятию гор с натуры, | |
| 620 | _dСанкт-Петербург | ||
| 700 | 1 |
_aТеслев _bП.П. _gПетр Петрович _4070 |
|
| 702 | 1 |
_4280 _7ca _8rus _aВолконский _bП. М. _cвоенный деятель _f1776-1852 _gПётр Михайлович _3RU\NLR\AUTH\770205287 _9205235 |
|
| 702 | 1 |
_4190 _7ca _8rus _aЯценков _bГ. М. _f1776-1852 _gГригорий Максимович _9193922 _3RU\NLR\AUTH\770193973 |
|
| 702 | 1 |
_4350 _7ca _8rus _aКолпаков _bИ. И. _f1771-1840 _gИван Иванович _9168455 _3RU\NLR\AUTH\770168503 |
|
| 712 | 0 | 2 |
_4610 _aАкадемическая типография _cПетербург _3RU\NLR\AUTH\8815379 _9303965 |
| 790 | 1 |
_6z01702 _aКалпаков |
|
| 801 | 0 |
_aRU _bNLR _c19800104 |
|
| 852 |
_aNLR _j18.97.1.79 |
||
| 852 |
_aNLR _j18.97.1.79а |
||
| 856 | 0 | _uhttps://vivaldi.nlr.ru/bx000025981/view | |
| 856 | 1 | _uhttps://vivaldi.nlr.ru/bx000025981/cover | |
| 856 | 2 | _uhttps://vivaldi.nlr.ru/bx000025981/text | |
| 942 | _cBOOK | ||
| 980 | _aNB | ||
| 980 | _aA1DV | ||
| 980 | 3 | _akpcivil2021 | |
| 980 | 3 | _akp2021 | |
| 980 | 3 | _akp | |
| 981 | 2 | 2 |
_a(22) Материалы по истории России _b(22) Культура. Наука. Просвещение. |
| 981 | 2 | 0 |
_a(20) Книжные памятники РНБ _b(20) Русский книжный фонд |